|
|
|
|
| LEADER |
01301nam a2200265 a 4500 |
| 001 |
GR-Antirio771 |
| 008 |
090518s2000 gr b 001 0 gre d |
| 020 |
|
|
|a 047149187X
|
| 040 |
|
|
|a GrPaTEI
|b gre
|c GR-PaULI
|
| 040 |
|
|
|a GrPaTEI
|b gre
|c GR-PaULI
|
| 040 |
|
|
|a GrPaTEI
|b gre
|c GR-PaULI
|
| 082 |
|
0 |
|a 621.382
|2 21
|
| 100 |
0 |
|
|a Pitts, J. M.
|
| 245 |
1 |
0 |
|a Introduction to IP and ATM design and performance :
|b with applications analysis software /
|c Pitts, J. M. , Schormans, J. A.
|
| 250 |
|
|
|a 2nd ed.
|
| 260 |
|
|
|a Chichester , New York :
|b John Wiley & Sons,
|c c 2000
|
| 300 |
|
|
|a xτ. , 303 σ. :
|b εικ. ;
|c 25 εκ.
|
| 504 |
|
|
|a Περιλαμβάνει βιβλιογραφίες και ευρετήριο.
|
| 650 |
|
0 |
|a ASYNCHRONOUS TRANSFER MODE
|
| 700 |
0 |
|
|a Schormans, J. M.
|
| 942 |
|
|
|2 ddc
|
| 952 |
|
|
|0 0
|1 0
|2 ddc
|4 0
|6 621_382000000000000_PIT
|7 0
|9 262177
|a LISK-2
|b LISK-2
|c BSC
|d 2021-01-17
|e 24
|f 0
|g 0.00
|l 0
|o 621.382 PIT
|p 2430000007201
|r 2021-01-17 00:00:00
|t 1
|w 2021-01-17
|y BK15
|x 20090518 0 1
|x GrPaTEI - Antirrio
|
| 952 |
|
|
|0 0
|1 0
|2 ddc
|4 0
|6 621_382000000000000_PIT
|7 0
|9 262178
|a LISK-2
|b LISK-2
|c BSC
|d 2021-01-17
|e 24
|f 0
|g 0.00
|l 0
|o 621.382 PIT
|p 2430000007202
|r 2021-01-17 00:00:00
|t 1
|w 2021-01-17
|y BK15
|x 20090518 0 1
|x GrPaTEI - Antirrio
|
| 971 |
|
|
|a .b25705702
|b 01-10-20
|c 12-09-16
|
| 999 |
|
|
|c 151205
|d 151205
|